000 00492nam a2200181Ia 4500
008 240729s9999 xx 000 0 und d
022 _a2195-9706
245 0 _aGeothermal Energy
260 _aGermany
260 _bSpringerOpen
650 _a Geology
650 _a Mechanical engineering and machinery
650 _a Renewable energy sources | Science
650 _aTechnology
856 _uhttps://doaj.org/toc/3a6aeedd9ce94839b3b76cf3b238684d
942 _2ddc
942 _cDOAJEJ
999 _c74240
_d74240
945 _a1
_bMadushi Gamage
_c1
_dMadushi Gamage